000 00495nam a2200157 a 4500
001 000029812
005 20200930055826.0
008 110426s19uu dr a 000 0 spa d
040 _aDO-SdBNP
_bspa
_cBNPHU
082 _axxx
_bM294p
245 0 0 _aManual práctico para la lombricultura /
_ceditora Andrea Brechelt.
260 _aSanto Domingo :
_bFundación Agricultura y Medio Ambiente,
_c[19--?].
300 _a12 p. :
_bil. ;
_c22 cm.
700 1 _aBrechelt, Andrea
_eed.
_922300
049 _aBNPD
999 _c29304
_d29304